Still Point (Record no. 168126)

MARC details
000 -LEADER
fixed length control field 00789nam a2200253Ia 4500
003 - CONTROL NUMBER IDENTIFIER
control field OSt
005 - DATE AND TIME OF LATEST TRANSACTION
control field 20220918182205.0
008 - FIXED-LENGTH DATA ELEMENTS--GENERAL INFORMATION
fixed length control field 220917b |||||||| |||| 00| 0 eng d
037 ## - SOURCE OF ACQUISITION
Terms of availability Textual
040 ## - CATALOGING SOURCE
Original cataloging agency ARTS
Transcribing agency ARTS
Language of cataloging eng
041 ## - LANGUAGE CODE
Source of code eng
Language code of text/sound track or separate title eng
100 ## - MAIN ENTRY--PERSONAL NAME
Personal name Cornwell Ethel F
9 (RLIN) 56872
245 #0 - TITLE STATEMENT
Title Still Point
Remainder of title Theme and variations in the writings of T S Eliot , Coleridge , Yeats , Henry James , Virginia Woolf and D H Lawrence Ethel F Cornwell
260 ## - PUBLICATION, DISTRIBUTION, ETC.
Place of publication, distribution, etc. New Jersey
Name of publisher, distributor, etc. Rutgers Univ Press USA
Date of publication, distribution, etc. 1962
300 ## - PHYSICAL DESCRIPTION
Extent 261p.
Dimensions cm.
500 ## - GENERAL NOTE
General note Bib 248p.
650 ## - SUBJECT ADDED ENTRY--TOPICAL TERM
Topical term or geographic name entry element ENGLISH LITERATURE
942 ## - ADDED ENTRY ELEMENTS (KOHA)
Classification part O111:gM, K2
Koha item type Textual
Source of classification or shelving scheme Colon Classification (CC)
Holdings
Withdrawn status Lost status Damaged status Not for loan Home library Current library Date acquired Total Checkouts Full call number Barcode Date last seen Price effective from Koha item type
        Arts Library Arts Library 2022-09-18   O111:gM K2 AL0520332 2022-09-18 2022-09-18 Textual
Copyright @ Delhi University Library System